Responses for Show #5914 - Thursday, May 6, 2010

2009-2010 Million Dollar Celebrity Invitational final game 1.

Contestants

[<< previous game]

Jane Curtin, an actress from Kate & Allie and 3rd Rock from the Sun

Cheech Marin, an actor, comedian, director, writer and musician from Lost

Michael McKean, a Grammy winner, Oscar nominee and multi-talented performer from Hairspray and The Pajama Game

[next game >>]

Jeopardy! Round responses

DANGER IN WONDERLAND
THAT'S HANDY
SPOILER ALERT!
OFFICIAL LANGUAGES
WORKING ON THE RAILROAD
BEGINS & ENDS WITH "O"
    $200 19
the White Rabbit

Michael
    $200 14
(Jane: Who is Dr. Spock?)
...
(Alex: [*]. Jane, you promoted him! [laughter])

Mr. Spock

MichaelJane
    $200 1
Planet of the Apes

Michael
    $200 6
Spanish

Cheech
    $200 27
Amtrak

Jane
    $200 9
Oreo

Jane
    $400 20
the Cheshire Cat

Cheech
    $400 15
the national anthem

Michael
    $400 2
(Jane: What is The Curious Case of Benjamin Button?)

Fight Club

MichaelJane
    $400 7
German

Jane
    $400 28
the bullet train

Jane
    $400 10
Otto

Michael
    $600 24
(Michael: Who is the Red Queen?)
(Alex: Be more specific.)

the Queen of Hearts

Michael
    $600 16
the Boy Scouts of America (or the Girl Scouts)

Michael
    $600 3
Rosemary's Baby

Jane
    $600 8
French & English

Michael
    $600 23
stationmaster

Michael
    $600 11
oleo

Cheech
    $800 25
Tweedledum & Tweedledee

Jane
    $800 17
crossing oneself

Michael
    $800 4
Some Like It Hot

Cheech
    $800 21
(Cheech: What is Egyptian?)

Arabic

Cheech
Triple Stumper
    $800 29
(George) Pullman

Jane
    $800 12
oratorio

Michael
    $1000 26
the Caterpillar

Jane
    $1000 18
jazz hands

Michael
    $1000 5
Freaks

Cheech
    $1,000 22
Portuguese

Cheech
    $1000 30
Casey Jones

Michael
    $1000 13
osso bucco

Michael

Scores at the first commercial break (after clue 15):

Michael Cheech Jane
$4,000 $2,600 $600

Scores at the end of the Jeopardy! Round:

Michael Cheech Jane
$8,800 $3,200 $3,800

Double Jeopardy! Round responses

THE NEW YORK TIMES THEATER
DESCRIBING THE NO. 1 SONG
I COULD USE SOME SELF-HELP!
(Alex: We're dealing with anagrams in...)
SCRAMBLED EGGS?
AMERICANS IN PARIS
CROSSWORD CLUES "Q"
    $400 6
Dreamgirls

Jane
    $400 11
"Vogue"

Jane
    $400 12
Richard Simmons

Jane
    $400 22
omelette

Michael
    $400 1
George Gershwin

Jane
    $400 14
quill

Jane
    $800 7
the stage door

Cheech
    $800 18
(Jane: Uh, what is, uh, "Love Being A Country Boy"?)

"Thank God I'm A Country Boy"

CheechJane
    $800 13
Mars & Venus (Venus & Mars accepted)

Cheech
    $800 27
(Jane: What is a fri--No. [*]? No.)
(Alex: Yes.)
(Jane: Oh!)
[Laughter]
(Alex: It doesn't help if you give a response and then say, "No, no", because if you're right, I'll say, "yes, yes".)
(Jane: Well, my buzzer is pressing on my lungs!)

frittata

Jane
    $800 2
Benjamin Franklin

Jane
    $800 23
quaff

Michael
    $1200 8
Spelling Bee

Michael
    $1200 19
"Heard It Through the Grapevine"

Cheech
    $1200 15
Purpose

Jane
    $1200 28
soufflé

Michael
    $3,000 3
Jim Morrison

Jane
    $1200 24
quince

Jane
    $1600 9
In the Heights

Michael
    $1600 20
"Ice Ice Baby"

Cheech
    $3,000 16
the Dalai Lama

Jane
    $1600 29
huevos rancheros

Cheech
    $1600 4
Thomas Jefferson

Cheech
    $1600 25
quibble

Michael
    $2000 10
Kander & Ebb

Michael
    $2000 21
(Jane: What is the angel is a [*]?... My angel is a [*]?)

"Centerfold"

Jane
    $2000 17
Carnegie

Michael
    $2000 30
meringue

Triple Stumper
    $2000 5
Gertrude Stein

Michael
    $2000 26
Quasimodo

Jane

Scores at the end of the Double Jeopardy! Round:

Michael Cheech Jane
$21,600 $11,600 $19,000

Final Jeopardy! Round responses

AMERICAN LITERATURE
(Alex: [To Cheech] No, you misunderstood the clue. This 1851 novel--)
(Cheech: Oh.)
(Alex: --by Herman Melville, and the novel was not Melville.)
[Cheech mimes gunshot to the head]
CheechWhat is Mellville
$5,000
JaneWhat is Moby Dick
$10,000
MichaelWhat is Moby Dick
$10,000
Moby-Dick

Final scores:

Michael Cheech Jane
$31,600 $6,600 $29,000

Game dynamics:

Coryat scores:

Michael Cheech Jane
$21,600 $11,600 $15,800
24 R,
0 W
13 R
(including 1 DD),
1 W
21 R
(including 2 DDs),
3 W

Combined Coryat: $49,000

[game clues] [game scores] [suggest correction]

Game tape date: 2010-04-17
The J! Archive is created by fans, for fans. Scraping, republication, monetization, and malicious use prohibited; this site may use cookies and collect identifying information. See terms. The Jeopardy! game show and all elements thereof, including but not limited to copyright and trademark thereto, are the property of Jeopardy Productions, Inc. and are protected under law. This website is not affiliated with, sponsored by, or operated by Jeopardy Productions, Inc. Join the discussion at JBoard.tv.